00291nam a2200109Ia 4500008004000000082001700040100002400057245005300081250000500134260003400139300000800173210210b1982 xxu||||| |||| 00| 0 eng d a320.454 KAPI aKAPUR (Anup Chand). aIndian political system (Govt. of the republic). a aNDbS. Chand & Co. Ltd.c1982 a456